[Event "Madrid San Viator op-A 28th"]
[Site "Madrid"]
[Date "2017.04.09"]
[Round "3"]
[White "Camarero Izquierdo, Juan Carlos"]
[Black "Pascual Delgado, Guillermo"]
[Result "0-1"]
[WhiteElo "1775"]
[BlackElo "1915"]
[PlyCount "76"]
[EventDate "2017.03.26"]
[EventType "swiss"]
[EventRounds "9"]
[EventCountry "ESP"]
[SourceTitle "EXT 2018"]
[Source "ChessBase"]
[SourceDate "2017.10.13"]
[SourceVersion "1"]
[SourceVersionDate "2017.10.13"]
[SourceQuality "1"]

1. d4 d5 2. Nc3 Nf6 3. Bg5 Nbd7 4. f3 c6 5. Qd3 e5 6. e3 Bd6 7. Nge2 b5 8. Bxf6 Nxf6 9. dxe5 Bxe5 10. Nd4 Qc7 11. f4 Bd6 12. Nf5 Bxf5 13. Qxf5 Bb4 14. Bd3 0-0 15. 0-0 Bxc3 16. bxc3 Rfe8 17. Rf3 Ne4 18. Bxe4 Rxe4 19. Rh3 h6 20. Qg4 Qd6 21. Rf1 Rae8 22. Rg3 Qf6 23. Qh3 Qxc3 24. f5 Qf6 25. Rgf3 Ra4 26. g4 Ree4 27. Rf4 Rxf4 28. exf4 Rxa2 29. Qe3 Rxc2 30. g5 Qxf5 31. Rf3 Qg4+ 32. Kf1 Qg2+ 33. Ke1 Qh1+ 34. Rf1 Qe4 35. Qxe4 dxe4 36. f5 Rc1+ 37. Ke2 Rxf1 38. Kxf1 b4 0-1